Problemas de mecanismos /

Bibliographic Details
Main Authors: Bautista Paz, Emilio (Author), Muñoz Sanz, José Luis (Author), Echávarri Otero, Javier (Author)
Format: Electronic eBook
Language:Spanish
Published: Madrid : Industriales, ETSII, UPM, Sección de Publicaciones : Dextra Editorial, [2014]
Series:Serie Ingeniería mecánica y de fabricación.
Subjects:
Online Access:Digitalia Hispánica

MARC

LEADER 00000nam a2200000Ii 4500
001 DIGDEXT0051
003 NyNyDIG
006 m o d
007 cr |||||||||||
008 240808s2014 sp a o 000 0 spa d
035 |a (OCoLC)1452248882 
040 |a DGITA  |b eng  |e rda  |e pn  |c DGITA 
020 |a 9788416277131  |q eBook 
020 |z 9788416277124 
050 1 4 |a TJ248 ebook 
100 1 |a Bautista Paz, Emilio,  |e author. 
245 1 0 |a Problemas de mecanismos /  |c Emilio Bautista Paz, José Luis Muñoz Sanz, Javier Echávarri Otero. 
264 1 |a Madrid :  |b Industriales, ETSII, UPM, Sección de Publicaciones :  |b Dextra Editorial,  |c [2014] 
300 |a 1 online resource :  |b illustrations. 
336 |a text  |b txt  |2 rdacontent 
337 |a computer  |b c  |2 rdamedia 
338 |a online resource  |b cr  |2 rdacarrier 
347 |a text file  |2 rdaft 
347 |b PDF 
490 1 |a Serie Ingeniería mecánica y de fabricación 
588 0 |a Online resource; title from PDF title page (Digitalia, viewed August 8, 2024) 
650 0 |a Machinery  |x Models. 
650 0 |a Mechanical engineering  |v Problems, exercises, etc. 
700 1 |a Muñoz Sanz, José Luis,  |e author. 
700 1 |a Echávarri Otero, Javier,  |e author. 
791 2 |a Digitalia (Firm),  |e distributor. 
793 0 |g Digitalia eBook Collection:  |a Dextra Editorial 
776 0 8 |i Print version:  |a Bautista Paz, Emilio.  |t Problemas de mecanismos.  |d Madrid : Industriales, ETSII, UPM, Sección de Publicaciones : Dextra Editorial, [2014]  |z 9788416277124 
830 0 |a Serie Ingeniería mecánica y de fabricación. 
856 4 0 |3 Digitalia Hispánica  |u https://www.digitaliapublishing.com/a/156216/ 
910 |a Premium collection: 2024